[Event "Trebic Highlands op 11th"]
[Site "Trebic"]
[Date "2017.09.24"]
[Round "2"]
[White "Micka, Josef"]
[Black "Michalek, Miroslav"]
[Result "1/2-1/2"]
[WhiteElo "1345"]
[BlackElo "1720"]
[PlyCount "42"]
[EventDate "2017.09.23"]
[EventType "swiss"]
[EventRounds "9"]
[EventCountry "CZE"]
[SourceTitle "EXT 2018"]
[Source "ChessBase"]
[SourceDate "2017.10.13"]
[SourceVersion "1"]
[SourceVersionDate "2017.10.13"]
[SourceQuality "1"]

1. Nf3 d5 2. c4 c6 3. b3 Nf6 4. Bb2 Bf5 5. g3 Nbd7 6. Bg2 e6 7. d3 Bd6 8. Nbd2 0-0 9. Nh4 Bg6 10. Nxg6 hxg6 11. 0-0 Qc7 12. f4 Ng4 13. Rf3 Qb6+ 14. d4 c5 15. Nf1 cxd4 16. Bxd4 Bc5 17. Rd3 dxc4 18. bxc4 Bxd4+ 19. Rxd4 e5 20. fxe5 Ndxe5 21. Rb1 Qe6 1/2-1/2